Inter-Faculty Conference on "Property Investments in a Modern Bussiness Enviroment" (1990 Feb 23:Singapore) Anjuran:School of Building and Estate Management, National University of Singapore

Bibliographic Details
Format: Book

MARC

LEADER 00000cam a2200000 7i4500
001 0000006227
005 20000214.0
040 |a INS 
090 0 0 |a S52 
245 0 0 |a Inter-Faculty Conference on "Property Investments in a Modern Bussiness Enviroment" (1990 Feb 23:Singapore) Anjuran:School of Building and Estate Management, National University of Singapore 
999 |a S000000121   |b BOOK   |c Seminar   |e Default branch